000 00602nam a2200205 a 4500
001 52692
003 BD-RjUL
005 20211209075839.0
008 160925s1962 ii 000 0 eng
035 _a(BD-RjUL)52812
040 _aDLC
_cFO
_dUk
_dDLC
_dBD-RjUL
_beng
041 _aeng
082 _223
_a398.20954
_bNAS 1962
100 1 _aNaravane, V. S.
_9157584
245 1 0 _aStories from the Indian classics /
_cselected and retold by V. S. Naravane.
260 _aNew York :
_bAsia Pub. House,
_c1962
300 _ax, 303 p. ;
_c23 cm.
650 0 _aFolk literature
_zIndia
_9157585
942 _2ddc
_cBK
999 _c52692
_d52692